[Event "Madrid-chT 1819"]
[Site "Madrid"]
[Date "2018.11.25"]
[Round "2.6"]
[White "Aguilera Lopez, Alejandro"]
[Black "Lucas Quintans, Carlos"]
[Result "1-0"]
[WhiteElo "2203"]
[BlackElo "1938"]
[PlyCount "75"]
[EventDate "2018.11.17"]
[EventType "team-tourn"]
[EventRounds "14"]
[EventCountry "ESP"]
[SourceTitle "CBM 189 Extra"]
[Source "ChessBase"]
[SourceDate "2019.06.03"]
[SourceVersion "1"]
[SourceVersionDate "2019.06.03"]
[SourceQuality "1"]
[WhiteTeam "Virgen de Atocha"]
[BlackTeam "San Fernando de Henares"]
[WhiteTeamCountry "ESP"]
[BlackTeamCountry "ESP"]

1. d4 d5 2. Nf3 Nf6 3. Bg5 e6 4. e3 Be7 5. Bd3 Nbd7 6. Nbd2 c6 7. 0-0 h6 8. Bh4 Nh5 9. Bxe7 Qxe7 10. Ne5 Nxe5 11. dxe5 g6 12. c4 Qc7 13. Nf3 Ng7 14. e4 d4 15. Nxd4 Qxe5 16. Bc2 0-0 17. b4 c5 18. bxc5 Qxc5 19. Qd3 e5 20. Nb3 Qc7 21. c5 Be6 22. Qe3 g5 23. h4 Qe7 24. Rad1 Nh5 25. hxg5 hxg5 26. Rd6 Nf4 27. Rfd1 Kg7 28. Nd2 Rh8 29. Nf1 Qf6 30. Ng3 Qh6 31. Nf5+ Kf6 32. Nxh6 Rxh6 33. Rd8 Rxd8 34. Rxd8 g4 35. Bb3 Rg6 36. Bxe6 Nxe6 37. Rd6 g3 38. fxg3 1-0